| 000 | 00547nam a2200181 4500 | ||
|---|---|---|---|
| 003 | BD-RjUL | ||
| 005 | 20250807121235.0 | ||
| 008 | 250807s1987 ii ||||| |||| 00| 0 urd d | ||
| 035 | _a(BD-RjUL) | ||
| 040 |
_aBD-RjUL _beng _cBD-RjUL |
||
| 041 | _aurd | ||
| 082 |
_221 _a891.4391 _bCHU 1987 |
||
| 245 |
_aاردو کی نثری دآستانیی ;; ardo ki nasari dastani / _cگیان چند ;;; Gyan Chand |
||
| 260 |
_aLakhnuw : _b Uttar prodes urdu ekademy , _c1987 |
||
| 300 |
_a920 p. ; _c21 cm |
||
| 650 |
_aurdu potry _98863 |
||
| 942 |
_2ddc _cBK |
||
| 999 |
_c85467 _d85467 |
||